[Event "GER-ch Youth U14 2020"]
[Site "Willingen"]
[Date "2020.10.21"]
[Round "2.18"]
[White "Freude, Max"]
[Black "Ehrig, Leon Chris"]
[Result "1-0"]
[WhiteElo "1850"]
[BlackElo "1718"]
[Annotator "NA RC"]
[PlyCount "78"]
[EventDate "2020.10.20"]
[EventType "swiss"]
[EventRounds "7"]
[EventCountry "GER"]
[SourceTitle "playchess.com"]
[Source "ChessBase"]
[SourceQuality "1"]
[TimeControl "40/5400+30:1800+30"]

{[%evp 8,76,33,16,32767,21,19,0,3,12,4,-7,-7,-23,6,0,39,27,37,13,79,54,32767,35,54,44,128,111,134,118,126,109,135,32767,163,160,180,188,32767,0,32767,32767,32767,167,158,173,162,175,190,204,270,267,280,320,335,328,426,390,32767,32767,32767,32767,32767,594,1046,1095,1029,32767,1228,1264,29986]} 1. e4 {[%emt 0:00:00]} c6 {[%emt 0:00:00]} 2. d4 {[%emt 0:03:28]} d5 {[%emt 0:00:00]} 3. exd5 {[%emt 0:00:32]} cxd5 {[%emt 0:04:10]} 4. Bd3 {[%emt 0:00:19]} Nc6 {[%emt 0:00:23]} 5. c3 {[%emt 0:00:16]} Qc7 {[%emt 0:00:08]} 6. Ne2 {[%emt 0:11:32]} Bg4 {[%emt 0:01:40]} 7. f3 {[%emt 0:03:31] 7.f3 was played by the boomers.} Bd7 {[%emt 0:01:15]} 8. O-O {[%emt 0:08:46] B13: Caro-Kann: Exchange Variation and Panov-Botvinnik Attack.} e5 {[%emt 0:02:49]} 9. dxe5 {[%emt 0:07:51]} Nxe5 {[%emt 0:00:16] [#]} 10. f4 $146 {[%emt 0:02:41]} ({Predecessor:} 10. Kh1 Nf6 11. Bf4 Bd6 12. Na3 a6 13. Nc2 h6 14. Ne3 O-O-O 15. b4 Rhe8 16. Nd4 {0-1 (43) Divya,D (2305)-Shimanov,A (2593) chess.com INT 2020}) 10... Nc6 {[%emt 0:09:18]} 11. Be3 {[%emt 0:09:39]} Bd6 {[%emt 0:05:59]} 12. Nd4 {[%emt 0:04:25]} a6 {[%emt 0:07:46]} 13. Nd2 {[%emt 0:08:39]} Nge7 {[%emt 0:03:50]} (13... Nf6 $11 {remains equal.}) 14. N2b3 {[%emt 0:02:34]} O-O {[%emt 0:06:18]} 15. Qc2 {[%emt 0:05:42]} Ng6 {[%emt 0:06:13]} 16. Qf2 {[%emt 0:02:18]} f5 {[%emt 0:09:48]} (16... Nxd4 $11 17. Nxd4 Rfe8) 17. Rad1 {[%emt 0:02:45]} Rae8 {[%emt 0:03:47]} 18. g3 {[%emt 0:02:24]} Nge7 {[%emt 0:13:34]} 19. Nf3 {[%emt 0:01:50]} h6 {[%emt 0:05:38]} 20. Rfe1 {[%emt 0:00:46]} b5 {[%emt 0:03:35]} 21. Bf1 {[%emt 0:03:34]} Rb8 {[%emt 0:04:24]} 22. Nc5 {[%emt 0:02:55]} Bc8 {[%emt 0:01:12]} 23. Nb3 $2 {[%emt 0:02:18]} ({Better is} 23. b4 $18) 23... Na5 {[%emt 0:00:47]} 24. Nxa5 {[%emt 0:02:56]} Qxa5 {[%emt 0:00:18]} 25. Bc5 {[%emt 0:01:33]} Qc7 {[%emt 0:01:21]} 26. Bxd6 {[%emt 0:00:09]} Qxd6 {[%emt 0:00:05]} 27. Re5 {[%emt 0:01:21]} Bb7 {[%emt 0:02:11]} 28. Rde1 {[%emt 0:01:11]} Rbe8 {[%emt 0:01:50]} (28... Nc6 $142) 29. Re6 {[%emt 0:00:43]} Qc7 {[%emt 0:01:08]} 30. Qe3 {[%emt 0:03:23]} Rf7 {[%emt 0:02:02]} 31. Ne5 {[%emt 0:01:42]} Rf6 {[%emt 0:01:41] [#]} 32. Ng6 $1 {[%emt 0:01:29]} Rxg6 {[%emt 0:00:57]} 33. Rxg6 {[%emt 0:00:05]} Nxg6 {[%emt 0:00:18]} 34. Qxe8+ {[%emt 0:00:06]} Kh7 {[%emt 0:00:04]} 35. Bg2 {[%emt 0:01:47]} Qc4 {[%emt 0:01:12]} 36. Re6 {[%emt 0:01:21]} Qc5+ {[%emt 0:00:56]} 37. Kh1 {[%emt 0:00:45]} Nf8 {[%emt 0:00:43] [#]} 38. Re7 $18 {[%emt 0:00:42]} Bc6 {[%emt 0:00:35]} 39. Re6 Nxe6 1-0

[Event "GER-ch Youth U14 2020"]
[Site "Willingen"]
[Date "2020.10.21"]
[Round "2.19"]
[White "Wiedersich, Hendryk"]
[Black "Klühs, Gustaf"]
[Result "0-1"]
[WhiteElo "1570"]
[BlackElo "1827"]
[Annotator "NA RC"]
[PlyCount "54"]
[EventDate "2020.10.20"]
[EventType "swiss"]
[EventRounds "7"]
[EventCountry "GER"]
[SourceTitle "playchess.com"]
[Source "ChessBase"]
[SourceQuality "1"]
[TimeControl "40/5400+30:1800+30"]

{[%evp 9,52,-33,2,-48,18,-17,-6,-33,-7,-47,-46,-51,-46,-129,-38,-41,-43,32767,0,0,0,0,0,0,-7,0,-7,0,0,32767,0,32767,32767,32767,32767,32767,-27,-123,32767,32767,32767,32767,32767,-882,-569]} 1. e4 {[%emt 0:00:00]} e6 {[%emt 0:00:00]} 2. d4 {[%emt 0:00:00]} d5 {[%emt 0:00:00]} 3. Nd2 {[%emt 0:00:00]} c5 {[%emt 0:00:48]} 4. c3 {[%emt 0:00:45]} Nc6 {[%emt 0:01:54]} 5. Ne2 {[%emt 0:01:16]} Be7 {[%emt 0:04:14]} 6. e5 {[%emt 0:09:18] C07: French Tarrasch: 3...c5, 4 Ngf3 and 4 exd5 Qxd5.} Nh6 {[%emt 0:10:43]} 7. f4 {[%emt 0:04:22]} Nf5 {[%emt 0:06:46]} 8. Nf3 {[%emt 0:02:45]} Qb6 {[%emt 0:05:53] [#]} 9. h4 $146 {[%emt 0:13:49]} ({Predecessor:} 9. g4 Nh4 10. Kf2 cxd4 11. cxd4 Bd7 12. Bh3 Rc8 13. Nxh4 Bxh4+ 14. Kg2 f6 15. g5 fxg5 16. fxg5 {0-1 (28) Monteiro,T (1292)-Pinho,P (2179) Guimaraes 2017}) 9... h5 {[%emt 0:01:55]} 10. g3 {[%emt 0:05:15]} cxd4 {[%emt 0:10:30]} 11. Nfxd4 {[%emt 0:00:29] [#]} (11. cxd4 $15 Bd7 12. Bh3) 11... Ncxd4 {[%emt 0:05:28]} (11... Bc5 $1 $17 12. Nxf5 Bf2+ 13. Kd2 exf5) 12. cxd4 {[%emt 0:00:32]} Bd7 {[%emt 0:12:46]} 13. Bh3 {[%emt 0:07:22]} Bb5 {[%emt 0:01:35]} 14. Bxf5 $1 {[%emt 0:03:17]} Bxe2 {[%emt 0:00:31]} 15. Qxe2 {[%emt 0:00:34]} exf5 {[%emt 0:00:06]} 16. Be3 {[%emt 0:00:44]} Rc8 {[%emt 0:01:22]} 17. Kf2 {[%emt 0:01:08]} g6 {[%emt 0:00:35]} 18. Rhc1 {[%emt 0:03:40]} Kd7 {[%emt 0:00:17]} 19. a3 {[%emt 0:06:37]} Qb3 {[%emt 0:08:26]} 20. Rxc8 {[%emt 0:05:33]} Rxc8 {[%emt 0:00:13]} 21. Rc1 {[%emt 0:00:10]} Rxc1 {[%emt 0:00:10]} 22. Bxc1 {[%emt 0:00:12]} Kc6 {[%emt 0:01:43]} 23. Qe3 {[%emt 0:08:11]} (23. Kg2 $15) 23... Qc2+ {[%emt 0:00:33]} 24. Qd2 {[%emt 0:00:11]} Qxd2+ {[%emt 0:00:18]} 25. Bxd2 {[%emt 0:00:14]} Kb5 {[%emt 0:00:16]} 26. Bc3 $19 {[%emt 0:05:47]} Kc4 {[%emt 0:00:07]} 27. a4 {[%emt 0:00:29]} Bb4 {[%emt 0:00:21]} 0-1

[Event "GER-ch Youth U14 2020"]
[Site "Willingen"]
[Date "2020.10.21"]
[Round "2.20"]
[White "Rempe, Jonas"]
[Black "Bock, Marlon"]
[Result "1-0"]
[WhiteElo "1925"]
[BlackElo "1776"]
[Annotator "TA"]
[PlyCount "35"]
[EventDate "2020.10.20"]
[EventType "swiss"]
[EventRounds "7"]
[EventCountry "GER"]
[SourceTitle "playchess.com"]
[Source "ChessBase"]
[SourceQuality "1"]

{[%evp 9,34,7,5,0,60,42,49,25,44,44,50,34,133,103,528,521,1575,1533,2987,2858,29996,29997,29997,29998,29998,29999,29999]} 1. e4 d6 2. d4 Nf6 3. Nc3 e5 4. Nf3 Nbd7 5. Rg1 c6 6. g4 {C41: Philidor Defence.} g6 (6... Qa5 $11) 7. Be3 Qc7 {[#]} 8. Qd2 $146 {White is slightly better.} ({Predecessor:} 8. g5 Nh5 9. Qd2 Be7 10. O-O-O a6 11. h4 b5 12. Kb1 O-O 13. Nh2 f5 14. exf5 gxf5 {1-0 (38) Alikulov,E (2401)-Ivanov,A (2420) Sochi 2015}) 8... b5 9. g5 Nh5 10. O-O-O (10. a3 {keeps more tension.} a6 11. O-O-O Be7 12. dxe5 dxe5 13. Bh3) 10... a5 ({Black should try} 10... Be7 $1 $14) 11. dxe5 $16 Nxe5 $2 {[%mdl 8192]} (11... dxe5 $16 {is tougher.} 12. Bh3 Bg7) 12. Nxe5 $18 dxe5 {[#]} 13. Nxb5 $1 {[%mdl 512]} cxb5 14. Bxb5+ Ke7 {[#]} 15. Bc5+ $1 {[%mdl 576] Deflection. White mates.} Qxc5 16. Qd8+ Ke6 17. Bd7+ Bxd7 18. Qxd7# {Black got outplayed after the opening} 1-0

[Event "GER-ch Youth U14 2020"]
[Site "Willingen"]
[Date "2020.10.21"]
[Round "2.21"]
[White "Meuer, David"]
[Black "Sallandt, Frido"]
[Result "1/2-1/2"]
[WhiteElo "1632"]
[BlackElo "1770"]
[Annotator "NA RC"]
[PlyCount "116"]
[EventDate "2020.10.20"]
[EventType "swiss"]
[EventRounds "7"]
[EventCountry "GER"]
[SourceTitle "playchess.com"]
[Source "ChessBase"]
[SourceQuality "1"]
[TimeControl "40/5400+30:1800+30"]

1. e4 {[%emt 0:00:00]} e6 {[%emt 0:00:00]} 2. d4 {[%emt 0:00:00]} d5 {[%emt 0:00:00]} 3. Nc3 {[%emt 0:00:00]} Bb4 {[%emt 0:00:00]} 4. e5 {[%emt 0:00:00]} c5 {[%emt 0:00:05]} 5. a3 {[%emt 0:00:00]} Bxc3+ {[%emt 0:00:05]} 6. bxc3 {[%emt 0:00:02]} Ne7 {[%emt 0:00:09]} 7. Qg4 {[%emt 0:00:10]} Qc7 {[%emt 0:00:24]} 8. Bd3 {[%emt 0:04:34]} cxd4 {[%emt 0:02:35]} 9. Bb5+ {[%emt 0:20:44]} Bd7 {[%emt 0:05:01]} 10. Bxd7+ {[%emt 0:00:51]} Nxd7 {[%emt 0:00:06]} 11. Qxd4 {[%emt 0:00:59]} Qxe5+ {[%emt 0:02:42]} 12. Ne2 {[%emt 0:04:26]} Qxd4 {[%emt 0:03:25]} 13. cxd4 {[%emt 0:01:22]} Rc8 {[%emt 0:00:31]} 14. c3 {[%emt 0:01:04]} Nc6 {[%emt 0:01:39]} 15. O-O {[%emt 0:02:31]} O-O {[%emt 0:01:57]} 16. Rd1 {[%emt 0:08:26]} Na5 {[%emt 0:00:52]} 17. Bf4 {[%emt 0:01:44]} Rc6 {[%emt 0:01:20]} 18. Rdb1 {[%emt 0:01:59]} Rfc8 {[%emt 0:01:40]} 19. Rb5 {[%emt 0:14:48]} b6 {[%emt 0:02:29]} 20. f3 {[%emt 0:08:37]} Nc4 {[%emt 0:03:25]} 21. Kf2 {[%emt 0:09:01]} a6 {[%emt 0:01:41]} 22. Rbb1 {[%emt 0:00:43]} b5 {[%emt 0:01:01]} 23. a4 {[%emt 0:02:40]} bxa4 {[%emt 0:00:52]} 24. Rxa4 {[%emt 0:00:30]} a5 {[%emt 0:00:12]} 25. Ra2 {[%emt 0:03:25]} Ndb6 {[%emt 0:00:43]} 26. h4 {[%emt 0:03:57]} a4 {[%emt 0:01:49]} 27. Bc1 {[%emt 0:03:26]} Ra8 {[%emt 0:04:09]} 28. Ba3 {[%emt 0:00:33]} Nxa3 {[%emt 0:01:39]} 29. Rxa3 {[%emt 0:00:06]} Nd7 {[%emt 0:10:56]} 30. Rb4 {[%emt 0:01:43]} Rca6 {[%emt 0:00:44]} 31. Nc1 {[%emt 0:01:31]} Nb6 {[%emt 0:00:59]} 32. Nd3 {[%emt 0:01:25]} Nd7 {[%emt 0:13:29]} 33. Nb2 {[%emt 0:01:31]} Nb6 {[%emt 0:07:19]} 34. Nd3 {[%emt 0:00:09]} Nc4 {[%emt 0:03:49]} 35. Nc5 {[%emt 0:00:52]} Nxa3 {[%emt 0:04:19]} 36. Nxa6 {[%emt 0:00:11]} g6 {[%emt 0:01:27]} 37. Nc5 {[%emt 0:02:12]} Nc4 {[%emt 0:01:04]} 38. Nxa4 {[%emt 0:01:12]} Na3 {[%emt 0:05:22]} 39. Nc5 {[%emt 0:01:07]} Nc4 {[%emt 0:00:34]} 40. Ra4 {[%emt 0:00:54]} Rxa4 {[%emt 0:00:37]} 41. Nxa4 {[%emt 0:30:06]} Nd6 {[%emt 0:30:20]} 42. Nb2 {[%emt 0:00:00]} h5 {[%emt 0:00:00]} 43. g3 {[%emt 0:00:00]} f6 {[%emt 0:00:00]} 44. Nd1 {[%emt 0:00:00]} Kf7 {[%emt 0:00:00]} 45. Ne3 {[%emt 0:00:00]} Nb5 {[%emt 0:00:00]} 46. Nd1 {[%emt 0:00:00]} Ke7 {[%emt 0:00:00]} 47. Ke2 {[%emt 0:00:00]} e5 {[%emt 0:00:00]} 48. Kd3 {[%emt 0:00:00]} Ke6 {[%emt 0:00:00]} 49. Nf2 {[%emt 0:00:00]} Nd6 {[%emt 0:00:00]} 50. dxe5 {[%emt 0:00:00]} fxe5 {[%emt 0:00:00]} 51. g4 {[%emt 0:00:00]} hxg4 {[%emt 0:00:00]} 52. fxg4 {[%emt 0:00:14]} e4+ {[%emt 0:00:00]} 53. Ke2 {[%emt 0:00:53]} Ke5 {[%emt 0:00:00]} 54. h5 {[%emt 0:00:17]} gxh5 {[%emt 0:00:00]} 55. gxh5 {[%emt 0:00:08]} Kf5 {[%emt 0:00:00]} 56. h6 {[%emt 0:00:42]} Kg6 {[%emt 0:00:00]} 57. Ng4 {[%emt 0:00:39]} Nf5 {[%emt 0:01:23]} 58. h7 {[%emt 0:01:45]} Kxh7 {[%emt 0:00:17]} 1/2-1/2

[Event "GER-ch Youth U14 2020"]
[Site "Willingen"]
[Date "2020.10.21"]
[Round "2.22"]
[White "Fuhrmann, Bahne"]
[Black "Englert, Luca"]
[Result "1-0"]
[WhiteElo "1816"]
[BlackElo "1530"]
[Annotator "NA RC"]
[PlyCount "143"]
[EventDate "2020.10.20"]
[EventType "swiss"]
[EventRounds "7"]
[EventCountry "GER"]
[SourceTitle "playchess.com"]
[Source "ChessBase"]
[SourceQuality "1"]
[TimeControl "40/5400+30:1800+30"]

{[%evp 8,125,40,29,79,89,95,32767,149,133,166,32767,180,209,258,228,342,235,250,183,258,259,286,138,172,196,258,223,247,218,32767,32767,1201,962,32767,596,592,447,32767,872,838,888,831,880,32767,728,658,770,812,850,790,812,758,833,933,997,957,985,1200,-35,32767,32767,32767,32767,32767,-59,-37,-36,32767,-35,32767,32767,32767,0,35,32767,37,28,30,18,8,8,567,580,599,32767,639,656,661,694,731,712,763,710,32767,768,841,671,674,1515,720,855,1671,631,681,941,604,-28000,1840,2759,32767,32767,32767,32767,32767,32767,32767,32767,32767,29974]} 1. e4 {[%emt 0:00:00]} d6 {[%emt 0:00:00]} 2. d4 {[%emt 0:00:00]} Nf6 {[%emt 0:00:00]} 3. Nc3 {[%emt 0:00:00]} g6 {[%emt 0:00:00]} 4. f4 {[%emt 0:00:00]} Bg7 {[%emt 0:00:00]} 5. Nf3 {[%emt 0:00:40]} Bg4 {[%emt 0:00:00]} 6. h3 {[%emt 0:01:06]} Bxf3 {[%emt 0:00:05]} 7. Qxf3 {[%emt 0:01:51]} c6 {[%emt 0:01:19]} ({Better is} 7... Nc6) 8. Be3 {[%emt 0:03:05]} e5 {[%emt 0:01:21] [#] B09: Pirc Defence: Austrian Attack.} 9. f5 $146 {[%emt 0:05:02]} ({Predecessor:} 9. dxe5 dxe5 10. Rd1 Qe7 11. f5 Nbd7 12. Bc4 a5 13. Bb3 b5 14. a3 Nc5 15. Bxc5 Qxc5 16. fxg6 fxg6 {1-0 (35) Stijve,N (1685)-Cwiek,R (1682) Mureck 2017}) 9... Qb6 {[%emt 0:03:29]} ({Black should play} 9... Nbd7 $14) 10. O-O-O {[%emt 0:01:35]} Qa5 {[%emt 0:04:51]} 11. dxe5 {[%emt 0:04:29]} dxe5 {[%emt 0:00:11]} (11... Qxe5 $142 12. Bf4 Qa5 13. Bxd6 Nbd7) 12. fxg6 {[%emt 0:04:32]} fxg6 {[%emt 0:00:07]} 13. Bc4 {[%emt 0:02:18]} Nbd7 {[%emt 0:02:56]} (13... Qb4 {is a better defense.}) 14. Bf7+ {[%emt 0:11:23]} Ke7 {[%emt 0:01:21]} 15. Bg5 {[%emt 0:09:17]} (15. Qf1 $18 {has better winning chances.} Rhf8 16. Bb3) 15... Rhf8 {[%emt 0:09:00]} (15... Rad8 $16 {keeps fighting.}) 16. Bc4 {[%emt 0:08:15]} h6 {[%emt 0:02:31]} (16... Qc5 {was called for.}) 17. Bd2 {[%emt 0:05:02]} ({Don't take} 17. Bh4 $6 g5 $18) 17... Qc5 {[%emt 0:02:18]} 18. Qe2 {[%emt 0:04:53]} Ne8 {[%emt 0:10:46]} 19. Na4 {[%emt 0:03:10]} Qf2 {[%emt 0:03:54]} 20. Qd3 {[%emt 0:02:13]} Qd4 {[%emt 0:14:18]} 21. Qa3+ {[%emt 0:04:20]} Nd6 {[%emt 0:01:56]} 22. Be1 {[%emt 0:06:55]} c5 {[%emt 0:05:06]} 23. Rxd4 {[%emt 0:00:41]} exd4 {[%emt 0:00:05]} 24. Bd5 {[%emt 0:03:21]} Rac8 {[%emt 0:01:13]} 25. Bg3 {[%emt 0:02:55]} b5 {[%emt 0:01:32] [#]} 26. Nxc5 $1 {[%emt 0:04:19]} Rxc5 {[%emt 0:00:19]} 27. Qa6 {[%emt 0:00:52]} Rf6 {[%emt 0:02:25] [#]} 28. e5 $1 {[%emt 0:00:57]} Rxd5 {[%emt 0:02:00]} 29. exf6+ {[%emt 0:00:22]} Bxf6 {[%emt 0:00:26]} 30. Re1+ {[%emt 0:00:55]} Ne5 {[%emt 0:00:42]} 31. Qxa7+ {[%emt 0:01:43]} Ke6 {[%emt 0:00:21]} 32. Qh7 {[%emt 0:02:24]} d3 {[%emt 0:01:43]} 33. Bxe5 $2 {[%emt 0:02:28]} ({White should try} 33. cxd3 $18 Ndf7 34. Qxg6) 33... d2+ {[%emt 0:00:55]} 34. Kd1 {[%emt 0:00:11]} dxe1=Q+ 35. Kxe1 {[%emt 0:00:06]} Rxe5+ {[%emt 0:00:40]} 36. Kd1 {[%emt 0:01:20]} Rd5+ {[%emt 0:00:12] Discovered Attack} 37. Ke1 {[%emt 0:00:08]} Bh4+ {[%emt 0:00:56]} 38. Kf1 {[%emt 0:01:24]} Rd1+ {[%emt 0:01:34]} 39. Ke2 {[%emt 0:00:05]} Re1+ {[%emt 0:00:06]} 40. Kf3 {[%emt 0:01:11]} Nf7 {[%emt 0:03:10]} 41. Qxg6+ {[%emt 0:30:54]} Ke7 {[%emt 0:31:38]} 42. Qb6 {[%emt 0:02:54]} Nd6 {[%emt 0:01:02]} 43. a4 {[%emt 0:00:00]} bxa4 {[%emt 0:00:00]} 44. Qa7+ {[%emt 0:00:00]} Kf6 $2 {[%emt 0:00:00]} (44... Ke6 $11 {and Black is okay.}) 45. Qd4+ {[%emt 0:00:00] Double Attack} Ke6 {[%emt 0:00:00]} 46. Qxh4 {[%emt 0:00:00]} Re3+ {[%emt 0:00:00]} 47. Kf2 {[%emt 0:00:00]} Re4 {[%emt 0:00:00]} 48. Qxh6+ {[%emt 0:00:00]} Kd5 {[%emt 0:00:00]} 49. Qd2+ {[%emt 0:00:00]} Rd4 {[%emt 0:00:00]} 50. Qa5+ {[%emt 0:00:00]} Kc6 {[%emt 0:00:00]} 51. Kf3 {[%emt 0:00:00]} Rc4 {[%emt 0:00:00]} 52. b3 {[%emt 0:00:00]} axb3 {[%emt 0:00:00]} 53. cxb3 {[%emt 0:00:00]} Rc5 {[%emt 0:00:00]} 54. Qa6+ {[%emt 0:00:00]} Kd5 {[%emt 0:00:00]} 55. b4 {[%emt 0:00:00]} Rb5 {[%emt 0:00:00]} 56. Qxb5+ {[%emt 0:00:00]} Nxb5 {[%emt 0:00:00]} 57. g4 $4 {[%emt 0:00:00]} (57. Ke3 Ke6 58. Kf4) 57... Kc4 $2 {[%emt 0:00:00]} (57... Ke5 $14) 58. g5 {[%emt 0:00:39]} Kxb4 {[%emt 0:00:00]} 59. g6 {[%emt 0:01:25]} Nd4+ {[%emt 0:00:00]} 60. Kg4 {[%emt 0:03:04]} Nc6 {[%emt 0:00:00]} 61. Kg5 {[%emt 0:00:36]} Ne7 {[%emt 0:00:00]} 62. Kf6 {[%emt 0:01:33]} Ng8+ {[%emt 0:00:00]} 63. Kg7 {[%emt 0:00:38]} Ne7 {[%emt 0:00:00]} 64. Kf7 {[%emt 0:00:15]} Nf5 {[%emt 0:00:00]} 65. g7 {[%emt 0:00:30]} Kc5 {[%emt 0:00:00]} 66. g8=Q {[%emt 0:00:21]} Nh6+ {[%emt 0:00:00]} 67. Kg7 {[%emt 0:00:09]} Nxg8 68. Kxg8 {[%emt 0:00:04]} Kd6 {[%emt 0:00:00]} 69. Kg7 {[%emt 0:00:19]} Ke6 {[%emt 0:00:00]} 70. h4 {[%emt 0:00:06]} Kf5 {[%emt 0:00:00]} 71. h5 {[%emt 0:00:12]} Kg5 {[%emt 0:00:00]} 72. h6 {[%emt 0:00:07]} 1-0

[Event "GER-ch Youth U14 2020"]
[Site "Willingen"]
[Date "2020.10.21"]
[Round "3.1"]
[White "Bakiev, Diyor"]
[Black "Bui, Bao Anh Le"]
[Result "1/2-1/2"]
[WhiteElo "2070"]
[BlackElo "2149"]
[Annotator "TA"]
[PlyCount "45"]
[EventDate "2020.10.20"]
[EventType "swiss"]
[EventRounds "7"]
[EventCountry "GER"]
[SourceTitle "playchess.com"]
[Source "ChessBase"]
[SourceQuality "1"]

{[%evp 20,45,18,26,28,0,0,-16,-3,-11,0,0,0,0,10,0,0,-5,0,-22,-22,-17,-9,-23,-21,-14,-19,-45]} 1. d4 d5 2. c4 e6 3. Nc3 Nf6 4. Nf3 c6 5. Bg5 Nbd7 6. e3 Be7 7. Be2 h6 8. Bh4 b6 9. O-O Bb7 10. Rc1 O-O 11. Qc2 Rc8 {D64: Queen's Gambit Declined: Classical: 7 Rc1 c6 8 Qc2.} 12. Qb1 {[#]} c5 $146 ({Predecessor:} 12... Re8 13. b4 Ng4 14. Bxe7 Qxe7 15. cxd5 cxd5 16. h3 Ngf6 17. Rc2 e5 18. dxe5 Nxe5 19. Nxe5 Qxe5 {½-½ (49) Srba,S (1626)-Ochmyt,J (1542) Kouty nad Desnou 2015}) 13. cxd5 Nxd5 14. Bg3 cxd4 15. Nxd5 Bxd5 16. Nxd4 Nc5 17. Bf3 Bxf3 18. Nxf3 Qd3 19. Rfd1 Qxb1 20. Rxb1 Rfd8 21. Be5 Ne4 22. Rxd8+ Rxd8 23. g4 {White did not feel at home in the position after the opening. Av CentiPawn Loss W=-9/B=-5. Weighted=-10/-5} 1/2-1/2

[Event "GER-ch Youth U14 2020"]
[Site "Willingen"]
[Date "2020.10.21"]
[Round "3.2"]
[White "Pikalow, Michael"]
[Black "Laux, Dominik"]
[Result "1/2-1/2"]
[WhiteElo "2021"]
[BlackElo "2009"]
[Annotator "TA"]
[PlyCount "92"]
[EventDate "2020.10.20"]
[EventType "swiss"]
[EventRounds "7"]
[EventCountry "GER"]
[SourceTitle "playchess.com"]
[Source "ChessBase"]
[SourceQuality "1"]

{[%evp 14,92,14,5,31,15,21,19,22,12,29,19,31,-10,-10,-14,-3,-19,-10,-35,-25,-24,-17,-39,-31,-29,-10,-83,43,0,0,0,0,-8,0,0,3,8,10,12,66,62,63,62,68,52,136,123,109,102,150,128,165,174,158,189,262,31,31,33,35,31,32,25,39,17,39,34,39,39,39,39,39,39,40,40,40,40,40,40,40]} 1. e4 c6 2. d4 d5 3. e5 Bf5 4. Nf3 e6 5. Be2 Nd7 6. O-O Ne7 7. Be3 h6 8. Nbd2 g5 {B12: Caro-Kann: Advance Variation.} 9. Nb3 (9. c4 {is more complex.} Bg7 10. h3 Qc7 11. cxd5 exd5 12. Re1) 9... Bg7 10. a4 a5 {The position is equal.} 11. Ne1 Bg6 12. Nd3 Nf5 {[#]} 13. Nbc5 $146 ({Predecessor:} 13. Bh5 Bxh5 14. Qxh5 Qe7 15. Bd2 b6 16. f4 c5 17. dxc5 bxc5 18. g4 Nh4 19. Nxa5 gxf4 {½-½ (75) Vedder,R (2208)-Nieminen,S (2161) Novi Sad 2016}) 13... Nxc5 14. Nxc5 b6 15. Nd3 O-O 16. Qd2 c5 17. c3 $1 c4 18. Nc1 f6 19. exf6 Rxf6 20. f4 (20. b3 $11) 20... Nd6 (20... Nxe3 $17 21. Qxe3 Kh7) 21. fxg5 Rxf1+ 22. Bxf1 Ne4 {[%mdl 64] [#] Double Attack} 23. Qd1 hxg5 24. Be2 Qf6 25. Bf3 Rf8 {...g4! is the strong threat.} 26. Ne2 Bf5 ({Better is} 26... g4 $11 27. Bxe4 (27. Bxg4 Nf2 $11) 27... Bxe4) 27. Bxe4 $14 Bxe4 28. Ng3 Bd3 29. Qg4 Bh6 (29... Kh8 $14) 30. h4 $1 $16 Qg6 31. hxg5 Bg7 32. Re1 Qf7 33. Nh5 Bf5 34. Qh4 Bd3 (34... Bg6 {was called for.}) 35. Nf6+ $2 (35. Bf4 $18) 35... Bxf6 $14 36. gxf6 Qxf6 37. Bg5 Qg6 38. Re3 {[#] Black must now prevent Rg3.} Rf1+ 39. Kh2 {aiming for Rg3.} Rf5 40. Rg3 {White is slightly better.} Kf7 $1 41. Bd8 $36 {[%mdl 2048] White fights for an advantage.} Rh5 42. Rxg6 Rxh4+ 43. Bxh4 Bxg6 44. Bd8 Bc2 45. Kg3 Bxa4 46. Bxb6 Bc2 {Av CentiPawn Loss W=-14/B=-14. Weighted=-22/-18} 1/2-1/2

[Event "GER-ch Youth U14 2020"]
[Site "Willingen"]
[Date "2020.10.21"]
[Round "3.3"]
[White "Albert, Markus"]
[Black "Farokhi, Keyvan"]
[Result "1-0"]
[WhiteElo "1727"]
[BlackElo "2001"]
[Annotator "TA"]
[PlyCount "43"]
[EventDate "2020.10.20"]
[EventType "swiss"]
[EventRounds "7"]
[EventCountry "GER"]
[SourceTitle "playchess.com"]
[Source "ChessBase"]
[SourceQuality "1"]

{[%evp 21,43,-29,-22,-28,0,-17,-32,-14,55,6,4,-40,-24,-29,-33,-25,-27,-35,424,424,815,800,1022,909]} 1. e4 c6 2. d4 d5 3. Nc3 dxe4 4. Nxe4 Bf5 5. Ng3 Bg6 6. h4 h6 7. Nh3 e6 8. Nf4 Bh7 9. Bc4 Nf6 10. O-O Bd6 11. Re1 O-O 12. c3 {B18: Classical Caro-Kann: 4...Bf5 sidelines.} Qc7 13. Ngh5 {[#] Threatens to win with Nxf6+.} Nbd7 14. Qf3 {[#] Black is slightly better.} e5 $146 (14... Bf5 $11) ({Predecessor:} 14... Rae8 15. Nxf6+ Nxf6 16. Nd3 Nd7 17. Bf4 e5 18. dxe5 Nxe5 19. Nxe5 Bxe5 20. Qe3 Bxf4 21. Qxe8 {1-0 (41) Simacek,P (2471)-Plesek,J (2139) Czech Republic 2017}) 15. Nxf6+ Nxf6 16. Nh5 Nxh5 17. dxe5 Bxe5 {White must now prevent ...Nf6.} 18. Qxh5 Rae8 {White should prevent ...Bh2+.} 19. Be3 Qa5 $2 {[%mdl 8192] [#]} (19... Bh2+ $15 {stays ahead.} 20. Kh1 Bd6) 20. Bf4 $1 $18 {[%mdl 576] Pin. White is clearly winning.} g5 (20... Bd3 $142 21. Bb3 (21. Rxe5 Rxe5 22. Bxf7+ Rxf7 $16) 21... Bc2 22. Rxe5 Rxe5 23. Qxe5 Qxe5 24. Bxe5 Re8) (20... Bxf4 21. Qxf7+) 21. hxg5 {And now g6! would win.} Qc7 22. g6 {Av CentiPawn Loss W=-21/B=-116. Weighted=-30/-162} 1-0